banner-ar

قيادة المجتمع نحو التغيير : (Record no. 59840)

MARC details
000 -الفاتح
حقل البيانات ثابتة الطول 01061nam a22002297a 4500
005 - وقت وتاريخ اخر تعامل مع التسجيلة
رقم الضبط 20240530110339.0
008 - عناصر البيانات ثابتة الطول - معلومات عامة
حقل البيانات ثابتة الطول 141027s2010 ua bo gr 001 0dara d
020 ## - الرقم الدولى المعيارى للكتب
الرقم الدولى المعيارى للكتاب 9789953823171
040 ## - مصدر الفهرسة
وكالة الفهرسة الأصلية EG-CaGPL
082 40 - رقم تصنيف ديوى العشرى
رقم الطبعة 21
رقم التصنيف 953.4\
رقم المادة م ق
100 0# - المدخل الرئيسى - إسم شخصى
الإسم الشخصى منى سالم سعيد جعبوب
245 10 - بيان العنوان
العنوان قيادة المجتمع نحو التغيير :
بقية العنوان التجربة التربوية لثورة ظفار (1969 - 1992 ) /
بيان المسئوليه,etc منى سالم سعيد جعبوب
250 ## - بيان الطبعة
بيان الطبعة ط1
260 ## - PUBLICATION, DISTRIBUTION, ETC. (IMPRINT)
تاريخ النشر أو التوزيع 2010
300 ## - الوصف المادى
التعداد 368 ص :
تفاصيل ماديه اخرى للوعاء صور ، خرائط ؛
أبعاد الوعاء 24 سم
650 40 - المدخل الاضافى بالموضوع-مصطلح موضوعى
مصطلح موضوعي ثورة ظفار
التقسيم الفرعي الجغرافي عمان ، سلطنة
650 40 - المدخل الاضافى بالموضوع-مصطلح موضوعى
مصطلح موضوعي ثورة ظفار
التقسيم الفرعي الجغرافي عمان ، سلطنة
التقسيم الفرعي العام تاريخ اجتماعى
650 40 - المدخل الاضافى بالموضوع-مصطلح موضوعى
مصطلح موضوعي ثورة ظفار
التقسيم الفرعي الجغرافي عمان ، سلطنة
التقسيم الفرعي العام التنمية التربوية
650 40 - المدخل الاضافى بالموضوع-مصطلح موضوعى
مصطلح موضوعي ثورة ظفار
التقسيم الفرعي الجغرافي عمان ، سلطنة
التقسيم الفرعي العام التنمية الاجتماعية
942 ## - عناصر المدخل الإضافي( كوها)
مصدر التصنيف او مخطط الترفيف Dewey Decimal Classification
Koha [default] item type كتاب
260 ## - PUBLICATION, DISTRIBUTION, ETC. (IMPRINT)
-- بيروت :
-- مركز دراسات الوحدة العربية ،
Holdings
حالة التراجع حالة الفقد حالة تلف ليس للاعارة المكان المؤقت الموقع الحالى تاريخ الاكتساب اجمالي اﻻعارات رقم الطلب الباركود تاريخ اخر مشاهدة تاريخ تفعيل السعر نوع وعاء كوها
        مكتبة القاهرة الكبرى مكتبة القاهرة الكبرى 10/27/2014   953.4\ م ق 158796 10/27/2014 10/27/2014 كتاب

Powered By

EGPV